[Event "Irish New Year Events-IM1 2020"]
[Site "Dublin"]
[Date "2020.01.03"]
[Round "2.8"]
[White "Melaugh, Shane"]
[Black "Ahlander, Bjorn"]
[Result "*"]
[WhiteElo "2207"]
[BlackElo "2418"]
[Annotator "NA RC"]
[PlyCount "20"]
[EventDate "2020.01.02"]
[EventType "tourn"]
[EventCountry "IRL"]
[SourceTitle "playchess.com"]
[Source "ChessBase"]
[SourceQuality "1"]
[TimeControl "40/5400+30:1800+30"]

1. d4 {[%emt 1:30:30]} Nf6 {[%emt 0:00:00]} 2. c4 {[%emt 0:00:00]} e6 {[%emt 0:00:00]} 3. g3 {[%emt 0:00:00]} d5 {[%emt 0:00:30]} 4. Nf3 {[%emt 0:00:00]} dxc4 {[%emt 0:00:46]} 5. Bg2 {[%emt 0:00:19]} Bd7 {[%emt 0:00:38]} 6. Ne5 {[%emt 0:00:51]} Bc6 {[%emt 0:00:18]} 7. Nxc6 {[%emt 0:00:06]} Nxc6 {[%emt 1:31:18]} 8. O-O {[%emt 0:00:38]} Qd7 {[%emt 0:00:47]} 9. Nc3 {[%emt 0:02:55]} O-O-O {[%emt 0:08:31]} 10. e3 {[%emt 0:00:08]} Nd5 {[%emt 0:06:48]} *

[Event "Irish New Year Events-IM1 2020"]
[Site "Dublin"]
[Date "2020.01.03"]
[Round "2.9"]
[White "Venkatesan, Kavin"]
[Black "Melaugh, Shane"]
[Result "0-1"]
[WhiteElo "1815"]
[BlackElo "2207"]
[Annotator "NA"]
[PlyCount "138"]
[EventDate "2020.01.02"]
[EventType "tourn"]
[EventCountry "IRL"]
[SourceTitle "playchess.com"]
[Source "ChessBase"]
[SourceQuality "1"]
[TimeControl "40/5400+30:1800+30"]

1. d4 {[%emt 0:00:00]} e6 {[%emt 0:16:03]} 2. c4 {[%emt 0:00:00]} f5 {[%emt 0:00:42]} 3. Nc3 {[%emt 0:00:35]} Nf6 {[%emt 0:01:55]} 4. g3 {[%emt 0:01:17]} Be7 {[%emt 0:00:06]} 5. Bg2 {[%emt 0:00:06]} O-O {[%emt 0:00:05]} 6. Nh3 {[%emt 0:01:22]} d6 {[%emt 0:00:22]} 7. O-O {[%emt 0:02:07]} Qe8 {[%emt 0:00:12]} 8. f4 {[%emt 0:01:57]} Nbd7 {[%emt 0:07:59]} 9. Re1 {[%emt 0:21:34]} e5 {[%emt 0:04:08]} 10. Ng5 {[%emt 0:05:27]} Bd8 {[%emt 0:05:35]} 11. dxe5 {[%emt 0:02:24]} dxe5 {[%emt 0:00:24]} 12. fxe5 {[%emt 0:02:14]} Nxe5 {[%emt 0:00:56]} 13. Bf4 {[%emt 0:01:48]} c6 {[%emt 0:00:33]} 14. c5 {[%emt 0:06:14]} h6 {[%emt 0:05:13]} 15. Bxe5 {[%emt 0:05:59]} hxg5 {[%emt 0:18:05]} 16. Qd4 {[%emt 0:06:30]} Ng4 {[%emt 0:10:33]} 17. Bd6 {[%emt 0:02:43]} Bf6 {[%emt 0:01:12]} 18. Qd2 {[%emt 0:02:21]} Be7 {[%emt 0:03:48]} 19. e3 {[%emt 0:07:19]} Be6 {[%emt 0:01:19]} 20. h3 {[%emt 0:04:05]} Bxd6 {[%emt 0:00:41]} 21. cxd6 {[%emt 0:00:09]} Ne5 {[%emt 0:00:04]} 22. b3 {[%emt 0:02:38]} Rd8 {[%emt 0:00:16]} 23. Qd4 {[%emt 0:01:57]} Nf7 {[%emt 0:00:24]} 24. Qxa7 {[%emt 0:01:24]} Nxd6 {[%emt 0:00:12]} 25. Rad1 {[%emt 0:00:51]} Qf7 {[%emt 0:03:02]} 26. Qc5 {[%emt 0:01:13]} Qc7 {[%emt 0:03:18]} 27. Bd5 {[%emt 0:04:37]} Bxd5 {[%emt 0:01:44]} 28. Nxd5 {[%emt 0:00:17]} Qf7 {[%emt 0:02:57]} 29. Nc3 {[%emt 0:01:55]} Qe6 {[%emt 0:00:22]} 30. Kh2 {[%emt 0:02:01]} Nf7 {[%emt 0:01:45]} 31. Rxd8 {[%emt 0:01:25]} Rxd8 {[%emt 0:00:07]} 32. Rd1 {[%emt 0:00:05]} Re8 {[%emt 0:00:35]} 33. Re1 {[%emt 0:01:36]} Ne5 {[%emt 0:00:15]} 34. Re2 {[%emt 0:00:38]} g4 {[%emt 0:01:27]} 35. h4 {[%emt 0:01:04]} Qd7 {[%emt 0:06:04]} 36. Kg2 {[%emt 0:00:59]} Nf3 {[%emt 0:00:13]} 37. Qc4+ {[%emt 0:00:30]} Kh8 {[%emt 0:00:38]} 38. a4 {[%emt 0:01:01]} Rd8 {[%emt 0:00:47]} 39. e4 {[%emt 0:01:25]} b5 {[%emt 0:01:16]} 40. axb5 {[%emt 0:00:40]} cxb5 {[%emt 0:00:03]} 41. Qxb5 {[%emt 0:30:32]} Qd4 {[%emt 0:30:06]} 42. Rf2 {[%emt 0:01:03]} Qxc3 {[%emt 0:01:48]} 43. Qxf5 {[%emt 0:00:18]} Qe1 {[%emt 0:00:25]} 44. Qxg4 {[%emt 0:00:22]} Qg1+ {[%emt 0:00:07]} 45. Kxf3 {[%emt 0:00:21]} Rf8+ {[%emt 0:00:04]} 46. Qf4 {[%emt 0:01:02]} Rxf4+ {[%emt 0:00:12]} 47. gxf4 {[%emt 0:00:02]} Qd1+ {[%emt 0:00:10]} 48. Kg3 {[%emt 0:00:29]} Qxb3+ {[%emt 0:00:03]} 49. Rf3 {[%emt 0:00:25]} Qc2 {[%emt 0:00:15]} 50. e5 {[%emt 0:00:13]} Qf5 {[%emt 0:00:05]} 51. Rf2 {[%emt 0:00:25]} Kh7 {[%emt 0:00:07]} 52. Re2 {[%emt 0:00:48]} Qe6 {[%emt 0:00:13]} 53. Rg2 {[%emt 0:01:07]} Kh6 {[%emt 0:07:35]} 54. Kf2 {[%emt 0:01:48]} Qf5 {[%emt 0:00:00]} 55. Kf3 {[%emt 0:00:30]} Qh3+ {[%emt 0:00:00]} 56. Rg3 {[%emt 0:00:26]} Qxh4 {[%emt 0:00:00]} 57. Rg5 {[%emt 0:00:24]} Qh1+ {[%emt 0:00:00]} 58. Ke3 {[%emt 0:00:30]} Qc1+ {[%emt 0:00:00]} 59. Kf3 {[%emt 0:00:12]} Qc3+ {[%emt 0:00:00]} 60. Ke4 {[%emt 0:00:59]} Qc6+ {[%emt 0:00:00]} 61. Ke3 {[%emt 0:00:24]} Qd5 {[%emt 0:00:00]} 62. Kf2 {[%emt 0:00:44]} Qe4 {[%emt 0:00:00]} 63. Rg4 {[%emt 0:00:44]} Kh5 {[%emt 0:00:00]} 64. Rg5+ {[%emt 0:01:04]} Kh4 {[%emt 0:00:00]} 65. Rxg7 {[%emt 0:01:25]} Qxf4+ {[%emt 0:00:00]} 66. Kg2 {[%emt 0:00:44]} Qxe5 {[%emt 0:00:00]} 67. Rh7+ {[%emt 0:00:37]} Kg4 {[%emt 0:00:00]} 68. Rh2 {[%emt 0:00:19]} Qe1 {[%emt 0:00:00]} 69. Rh1 {[%emt 0:01:12]} Qe2+ {[%emt 0:00:00]} 0-1

[Event "Irish New Year Events-IM1 2020"]
[Site "Dublin"]
[Date "2020.01.03"]
[Round "2.10"]
[White "Baker, Chris W"]
[Black "Delaney, Killian"]
[Result "0-1"]
[WhiteElo "2225"]
[BlackElo "2278"]
[Annotator "NA"]
[PlyCount "97"]
[EventDate "2020.01.02"]
[EventType "tourn"]
[EventCountry "IRL"]
[SourceTitle "playchess.com"]
[Source "ChessBase"]
[SourceQuality "1"]
[TimeControl "40/5400+30:1800+30"]

1. d4 {[%emt 0:00:00]} d5 {[%emt 0:00:00]} 2. Nf3 {[%emt 0:00:22]} Nc6 {[%emt 0:01:29]} 3. Bf4 {[%emt 0:07:45]} Bg4 {[%emt 0:00:31]} 4. e3 {[%emt 0:02:00]} e6 {[%emt 0:00:17]} 5. c3 {[%emt 0:06:47]} Bd6 {[%emt 0:01:13]} 6. Bg3 {[%emt 0:03:37]} Nf6 {[%emt 0:03:20]} 7. Nbd2 {[%emt 1:12:59]} Ne4 {[%emt 0:17:24]} 8. Qb3 {[%emt 0:00:00]} Nxd2 {[%emt 0:13:48]} 9. Nxd2 {[%emt 0:00:00]} Rb8 {[%emt 0:00:09]} 10. Bd3 {[%emt 0:00:00]} Bh5 {[%emt 0:01:28]} 11. O-O {[%emt 0:00:00]} Bg6 {[%emt 0:03:18]} 12. c4 {[%emt 0:00:00]} Na5 {[%emt 0:06:57]} 13. Qc3 {[%emt 0:00:00]} Bxd3 {[%emt 0:08:28]} 14. Qxd3 {[%emt 0:00:00]} Nxc4 {[%emt 0:00:13]} 15. Nxc4 {[%emt 0:00:00]} dxc4 {[%emt 0:00:30]} 16. Qxc4 {[%emt 0:00:00]} O-O {[%emt 0:00:37]} 17. Rfc1 {[%emt 0:00:00]} Bxg3 {[%emt 0:00:07]} 18. hxg3 {[%emt 0:00:00]} c6 {[%emt 0:00:25]} 19. b4 {[%emt 0:00:00]} Qd7 {[%emt 0:05:47]} 20. Qc5 {[%emt 0:00:00]} a6 {[%emt 0:00:36]} 21. a4 {[%emt 0:00:00]} Rfc8 {[%emt 0:01:46]} 22. Qb6 {[%emt 0:00:00]} g6 {[%emt 0:02:32]} 23. Rc5 {[%emt 0:00:00]} Kf8 {[%emt 0:11:50]} 24. Rac1 {[%emt 0:00:00]} Qd8 {[%emt 0:04:25]} 25. Qxd8+ {[%emt 0:00:00]} Rxd8 {[%emt 0:00:03]} 26. g4 {[%emt 0:00:00]} Ke7 {[%emt 0:01:37]} 27. Kf1 {[%emt 0:00:00]} Rd5 {[%emt 0:01:00]} 28. Ke2 {[%emt 0:00:00]} Rxc5 {[%emt 0:04:52]} 29. Rxc5 {[%emt 0:00:00]} Kd6 {[%emt 0:01:11]} 30. Kd3 {[%emt 0:00:00]} Rh8 {[%emt 0:03:20]} 31. Rc1 {[%emt 0:00:00]} h5 {[%emt 0:00:06]} 32. Rh1 {[%emt 0:00:00]} f5 {[%emt 0:00:08]} 33. gxf5 {[%emt 0:13:00]} gxf5 {[%emt 0:01:05]} 34. Rh4 {[%emt 0:00:00]} a5 {[%emt 0:00:53]} 35. bxa5 {[%emt 0:00:00]} Ra8 {[%emt 0:00:03]} 36. Rxh5 {[%emt 0:00:00]} Rxa5 {[%emt 0:00:04]} 37. g4 {[%emt 0:00:00]} Rxa4 {[%emt 0:01:43]} 38. gxf5 {[%emt 0:00:00]} Ra5 {[%emt 0:00:27]} 39. e4 {[%emt 0:00:00]} exf5 {[%emt 0:01:33]} 40. Rh6+ {[%emt 0:00:00]} Ke7 {[%emt 0:00:47]} 41. e5 {[%emt 0:26:00]} Rd5 {[%emt 0:31:33]} 42. Rh7+ {[%emt 0:06:18]} Ke6 {[%emt 0:00:13]} 43. Rxb7 {[%emt 0:01:53]} c5 {[%emt 0:00:07]} 44. Rb6+ {[%emt 0:01:19] Rxd4+ f4+} Ke7 {[%emt 0:04:05]} 45. Ke3 {[%emt 0:00:30] Rb4 Rf6 Rb3+ Ke2 Ra3 Kf3} c4 {[%emt 0:00:30] Kg2 c3 Rxf5 c2} 46. Rf6 Kd7 {[%emt 0:00:30]} 47. Rc6 Ke7 {[%emt 0:00:30]} 48. Kf3 {[%emt 0:01:30] Ra2 Rc4 Ke6 Kg4} Rc5 {[%emt 0:00:30]} 49. Kf4 {[%emt 0:00:30]} 0-1

[Event "Irish New Year Events-IM1 2020"]
[Site "Dublin"]
[Date "2020.01.03"]
[Round "3.6"]
[White "Delaney, Killian"]
[Black "Mannion, Stephen R"]
[Result "1-0"]
[WhiteElo "2278"]
[BlackElo "2283"]
[Annotator "ChessBase"]
[PlyCount "105"]
[EventDate "2020.01.02"]
[EventType "tourn"]
[EventCountry "IRL"]
[SourceTitle "playchess.com"]
[Source "ChessBase"]
[SourceQuality "1"]
[TimeControl "40/5400+30:1800+30"]

1. c4 {[%emt 0:00:18]} e5 {[%emt 0:01:37]} 2. Nc3 {[%emt 0:00:19]} Bb4 {[%emt 0:00:10]} 3. Nd5 {[%emt 0:00:30]} Bc5 {[%emt 0:00:13]} 4. e3 {[%emt 0:00:37]} Nf6 {[%emt 0:01:10]} 5. b4 {[%emt 0:00:16]} Nxd5 {[%emt 0:00:42]} 6. bxc5 {[%emt 0:00:12]} Nf6 {[%emt 0:00:13]} 7. d4 {[%emt 0:00:26]} exd4 {[%emt 0:10:34]} 8. exd4 {[%emt 0:00:17]} O-O {[%emt 0:00:06]} 9. Bd3 {[%emt 0:00:15]} Re8+ {[%emt 0:03:36]} 10. Ne2 {[%emt 0:04:37]} b6 {[%emt 0:03:22]} 11. O-O {[%emt 0:00:49]} bxc5 {[%emt 0:02:55]} 12. Bg5 {[%emt 0:02:51]} h6 {[%emt 0:02:09]} 13. Bh4 {[%emt 0:00:14]} Nc6 {[%emt 0:24:18]} 14. dxc5 {[%emt 0:01:25]} d6 {[%emt 0:05:44]} 15. Nc3 {[%emt 0:07:36]} Ne5 {[%emt 0:10:41]} 16. f4 {[%emt 0:33:28]} Nxd3 {[%emt 0:10:47]} 17. Qxd3 {[%emt 0:00:14]} Bb7 {[%emt 0:00:02]} 18. cxd6 {[%emt 0:09:45]} Qxd6 {[%emt 0:03:22]} 19. Qxd6 {[%emt 0:00:47]} cxd6 {[%emt 0:00:01]} 20. Bxf6 {[%emt 0:01:36]} gxf6 {[%emt 0:00:02]} 21. Nb5 {[%emt 0:00:50]} Red8 {[%emt 0:05:31]} 22. Rfd1 {[%emt 0:01:07]} d5 {[%emt 0:00:36]} 23. cxd5 {[%emt 0:02:03]} Rac8 {[%emt 0:01:14]} 24. Nxa7 {[%emt 0:00:30]} Rc2 {[%emt 0:02:29]} 25. Nc6 {[%emt 0:00:23]} Bxc6 {[%emt 0:03:53]} 26. dxc6 {[%emt 0:00:04]} Rxd1+ {[%emt 0:00:03]} 27. Rxd1 {[%emt 0:00:08]} Rxc6 {[%emt 0:00:02]} 28. a4 {[%emt 0:01:27]} Ra6 {[%emt 0:01:14]} 29. Rd4 {[%emt 0:01:10]} Rb6 {[%emt 0:00:31]} 30. a5 {[%emt 0:04:07]} Rb1+ {[%emt 0:00:28]} 31. Kf2 {[%emt 0:00:04]} Ra1 {[%emt 0:00:15]} 32. Rd5 {[%emt 0:00:07]} Ra2+ {[%emt 0:01:05]} 33. Ke3 {[%emt 0:00:41]} Kg7 {[%emt 0:00:39]} 34. Kd3 {[%emt 0:07:13]} Rxg2 {[%emt 0:01:17]} 35. Kc3 {[%emt 0:01:06]} Rxh2 {[%emt 0:01:55]} 36. Rd2 {[%emt 0:10:31]} Rh1 {[%emt 0:00:44]} 37. Ra2 {[%emt 0:00:16]} h5 {[%emt 0:01:14]} 38. a6 {[%emt 0:00:55]} Rc1+ {[%emt 0:00:08]} 39. Kd4 {[%emt 0:00:09]} Rc8 {[%emt 0:00:18]} 40. a7 {[%emt 0:00:06]} Ra8 {[%emt 0:00:09]} 41. Kc5 {[%emt 0:30:08]} Kg6 {[%emt 0:30:25]} 42. Kb6 {[%emt 0:00:05]} Kf5 {[%emt 0:00:51]} 43. Rf2 {[%emt 0:05:06]} h4 {[%emt 0:00:26]} 44. Kb7 {[%emt 0:00:04]} Rxa7+ {[%emt 0:00:46]} 45. Kxa7 {[%emt 0:00:03]} h3 {[%emt 0:00:05]} 46. Kb6 {[%emt 0:00:13]} Kg4 {[%emt 0:00:05]} 47. Kc6 {[%emt 0:00:48]} Kg3 {[%emt 0:00:12]} 48. Rf1 {[%emt 0:00:12]} Kg2 {[%emt 0:04:33]} 49. Ra1 {[%emt 0:00:04]} Kf3 {[%emt 0:00:12]} 50. f5 {[%emt 0:00:26]} Ke4 {[%emt 0:01:00]} 51. Rf1 {[%emt 0:00:58]} h2 {[%emt 0:00:13]} 52. Kc5 {[%emt 0:01:19]} Ke5 {[%emt 0:00:27]} 53. Kc4 {[%emt 0:00:13]} 1-0

[Event "Irish New Year Events-IM1 2020"]
[Site "Dublin"]
[Date "2020.01.03"]
[Round "3.7"]
[White "Melaugh, Shane"]
[Black "Baker, Chris W"]
[Result "1/2-1/2"]
[WhiteElo "2207"]
[BlackElo "2225"]
[Annotator "NA"]
[PlyCount "54"]
[EventDate "2020.01.02"]
[EventType "tourn"]
[EventCountry "IRL"]
[SourceTitle "playchess.com"]
[Source "ChessBase"]
[SourceQuality "1"]
[TimeControl "40/5400+30:1800+30"]

1. c4 {[%emt 0:00:00]} e6 {[%emt 0:00:30]} 2. Nc3 {[%emt 0:00:00]} d5 {[%emt 0:02:04]} 3. d4 {[%emt 0:00:00]} Nf6 {[%emt 0:00:17]} 4. Nf3 {[%emt 0:00:00]} Bb4 {[%emt 0:02:50]} 5. Qa4+ {[%emt 0:03:47]} Nc6 {[%emt 0:00:14]} 6. cxd5 {[%emt 0:00:14]} Nxd5 {[%emt 0:04:35]} 7. Bd2 {[%emt 0:00:20]} O-O {[%emt 0:01:07]} 8. e3 {[%emt 0:00:30]} a6 {[%emt 0:05:05]} 9. Be2 {[%emt 0:02:17]} Bd7 {[%emt 0:07:04]} 10. Qc2 {[%emt 0:00:15]} Bd6 {[%emt 0:02:22]} 11. O-O {[%emt 0:02:05]} Nf6 {[%emt 0:03:34]} 12. e4 {[%emt 0:06:08]} e5 {[%emt 0:00:30]} 13. dxe5 {[%emt 0:00:53]} Nxe5 {[%emt 0:00:16]} 14. Nxe5 {[%emt 0:00:24]} Bxe5 {[%emt 0:00:07]} 15. Bg5 {[%emt 0:01:23]} h6 {[%emt 0:05:20]} 16. Bh4 {[%emt 0:01:18]} Qe8 {[%emt 0:02:19]} 17. Rad1 {[%emt 0:03:28]} Bc6 {[%emt 0:02:40]} 18. f3 {[%emt 0:04:57]} Qe6 {[%emt 0:06:07]} 19. b3 {[%emt 0:03:51]} Bxc3 {[%emt 0:06:45]} 20. Qxc3 {[%emt 0:00:17]} Nxe4 {[%emt 0:00:07]} 21. fxe4 {[%emt 0:00:39]} Qxe4 {[%emt 0:00:09]} 22. Bf3 {[%emt 0:00:10]} Qxh4 {[%emt 0:00:15]} 23. Bxc6 {[%emt 0:00:06]} bxc6 {[%emt 0:00:05]} 24. Qxc6 {[%emt 1:08:58]} a5 {[%emt 0:47:38]} 25. Qxc7 {[%emt 0:00:30]} a4 {[%emt 0:00:30]} 26. Qc4 {[%emt 0:00:30]} Qxc4 {[%emt 0:00:30]} 27. bxc4 {[%emt 0:00:30]} Rac8 {[%emt 0:00:30]} 1/2-1/2

[Event "Irish New Year Events-IM1 2020"]
[Site "Dublin"]
[Date "2020.01.03"]
[Round "3.8"]
[White "Kanyamarala, Tarun"]
[Black "Venkatesan, Kavin"]
[Result "1/2-1/2"]
[WhiteElo "2320"]
[BlackElo "1815"]
[Annotator "TA"]
[PlyCount "117"]
[EventDate "2020.01.02"]
[EventType "tourn"]
[EventCountry "IRL"]
[SourceTitle "playchess.com"]
[Source "ChessBase"]
[SourceQuality "1"]

{[%evp 9,117,25,39,47,46,37,46,42,46,51,47,33,81,34,31,33,56,27,41,29,56,23,34,5,47,49,43,50,74,73,136,121,133,75,62,77,64,58,79,47,83,-36,69,25,25,-38,-35,-37,-34,-44,0,0,111,14,11,18,24,0,0,0,0,-100,-100,-100,-100,-102,-97,-81,0,0,0,0,0,0,0,0,0,0,0,0,0,-33,0,0,0,0,0,0,0,0,0,0,0,0,0,0,0,0,0,0,0,0,0,0,0,0,0,0,0,0]} 1. e4 c5 2. Nf3 d6 3. d4 cxd4 4. Qxd4 e5 5. Qe3 Nf6 6. c4 {B53: Sicilian: 2...d6: Lines with Qxd4} Be7 7. Be2 O-O 8. O-O {White is slightly better.} Be6 (8... Nc6 9. Nc3 Be6 10. b3 Qb8 11. Qd3 Nd7 12. Ng5 Nc5 {1-0 (82) Demchenko,A (2670)-Petkov,V (2494) Pontevedra 2018}) 9. Nc3 Nbd7 10. b3 Qb6 11. Qd2 Nc5 12. Qc2 Qc6 {[%cal Rf6e4]} 13. Nd2 $146 a6 14. Bb2 Rab8 15. Rac1 Rfc8 16. Nd5 Bxd5 17. exd5 Qe8 18. f4 exf4 19. Rce1 Qd7 (19... b5 $142) 20. Rxf4 $16 {b4 is the strong threat.} Re8 21. Rh4 (21. Ref1 $142) 21... h6 22. Rf1 Bd8 23. Bd1 {Threatens to win with b4.} Qe7 $1 24. Rh3 Ncd7 25. Qf5 (25. Bc3 $16) 25... Ne5 (25... Ba5 $15 26. Qc2 b5) 26. Bd4 b5 27. Re3 ({White should play} 27. Rg3 $11) 27... Bb6 $15 28. Bxb6 Rxb6 29. Bc2 Qc7 {Hoping for ...Qc5.} 30. Rg3 {Strongly threatening Qxf6.} Ng6 {[#]} (30... Qc5+ $1 $11 31. Kh1 Ned7) 31. Qf2 (31. Rxg6 $1 $16 {White wants to mate with Qxf6.} fxg6 32. Qxg6) 31... Qc5 $11 32. Bxg6 fxg6 33. Rxg6 (33. Qxc5 {is interesting.} dxc5 34. h4 Re2 35. Rd1 Re5 36. Rc3) 33... Re2 34. Qxc5 $1 dxc5 35. Nf3 (35. Rd1 $11 {remains equal.}) 35... bxc4 $17 36. bxc4 Nxd5 $1 {[%mdl 64] [#] Discovered Attack} 37. Rxb6 Nxb6 38. Re1 Rxe1+ (38... Rxa2 $17 39. Ne5 Ra4) 39. Nxe1 $11 Nxc4 $17 {[%mdl 4096] Endgame KN-KN} 40. Nd3 Kf7 41. Nxc5 a5 42. Kf2 Ke7 43. Kf3 Kd6 44. Ne4+ Ke5 45. h4 h5 (45... Kd4 $5 {[%cal Rc4e5]} 46. h5 a4 $15) 46. Nc5 {The position is equal.} Kf5 47. a4 Nb6 48. g3 g6 49. Ke3 Ke5 (49... Kg4 $5 50. Kf2 $8 g5 $11) 50. Nd3+ Kf5 51. Nb2 Ke5 (51... Kg4 $5 52. Kf2 $8 Kh3 $11) 52. Nd3+ Kf5 53. Nc5 Ke5 54. Kf3 Kf5 55. Kf2 g5 56. Kf3 gxh4 57. gxh4 Ke5 58. Nb3 Nxa4 59. Nxa5 {Accuracy: White = 54%, Black = 50%.} 1/2-1/2

[Event "Irish New Year Events-IM1 2020"]
[Site "Dublin"]
[Date "2020.01.03"]
[Round "3.9"]
[White "O`Donnell, Conor"]
[Black "Ahlander, Bjorn"]
[Result "1/2-1/2"]
[WhiteElo "2307"]
[BlackElo "2418"]
[Annotator "TA"]
[PlyCount "62"]
[EventDate "2020.01.02"]
[EventType "tourn"]
[EventCountry "IRL"]
[SourceTitle "playchess.com"]
[Source "ChessBase"]
[SourceQuality "1"]

{[%evp 13,62,-5,-1,0,12,2,25,18,23,22,44,28,55,44,72,43,50,26,33,21,18,17,45,45,49,50,57,11,25,0,-5,-6,0,-5,-6,-4,-4,-5,-1,-2,-1,-3,0,0,0,-8,0,-7,0,0,0]} 1. c4 e5 2. Nc3 Nf6 3. Nf3 Nc6 4. e4 Bc5 5. Nxe5 Nxe5 6. d4 Bb4 7. dxe5 Nxe4 $1 8. Qf3 {A28: English Opening: Four Knights Variation} d5 {[#] aiming for ...d4.} (8... Nxc3 9. bxc3 Ba5 10. Bf4 O-O 11. O-O-O Rb8 12. Qe3 Qe7 13. Kb2 b5 14. c5 b4 15. c4 b3 {1-0 (53) Nepomniachtchi,I (2773)-Aronian,L (2772) Kolkata 2019}) 9. Be2 O-O (9... d4 {with more complications.} 10. Qxe4 dxc3 11. O-O Qe7 12. bxc3 Bxc3 13. Rb1 Qxe5 14. Qf3 O-O) 10. O-O {White has an edge.} Bxc3 $1 11. bxc3 c6 12. cxd5 cxd5 13. c4 {Black must now prevent Rd1.} Be6 14. Rd1 Qa5 $1 15. cxd5 (15. Bf1 {feels hotter.} Rad8 16. Rd4 f5 17. exf6 Nxf6 18. cxd5 Nxd5 19. Qe4) 15... Bxd5 {With the idea ...Nc3.} 16. Qa3 $146 Qxa3 17. Bxa3 Rfd8 18. Rac1 {[#] And now f3 would win.} Bc6 19. Rxd8+ Rxd8 20. Bf3 (20. f3 {looks sharper.} Ng5 21. Bd6 Ne6 22. Bc4 Rc8 23. Bf1) 20... h6 (20... a5 {is more complex.} 21. Bxe4 Bxe4 22. Be7 Ra8 23. f3 Bc6) 21. Bxe4 Bxe4 $11 {[%mdl 4096] Endgame KRB-KRB. The position is equal.} 22. Bd6 f6 23. f4 Bc6 24. Rc2 Kf7 25. Kf2 Ke6 26. Ke3 Rd7 27. g4 {f5+ is the strong threat.} fxe5 28. fxe5 Rf7 29. Rf2 $1 Rxf2 30. Kxf2 g6 31. Ke3 h5 {Accuracy: White = 72%, Black = 44%.} 1/2-1/2

[Event "Irish New Year Events-IM1 2020"]
[Site "Dublin"]
[Date "2020.01.03"]
[Round "3.10"]
[White "Hammar, Bengt"]
[Black "Waters, Michael"]
[Result "0-1"]
[WhiteElo "2175"]
[BlackElo "2130"]
[Annotator "NA"]
[PlyCount "56"]
[EventDate "2020.01.02"]
[EventType "tourn"]
[EventCountry "IRL"]
[SourceTitle "playchess.com"]
[Source "ChessBase"]
[SourceQuality "1"]
[TimeControl "40/5400+30:1800+30"]

1. e4 {[%emt 0:19:54]} c5 {[%emt 0:00:00]} 2. Nf3 {[%emt 0:00:16]} e6 {[%emt 0:00:02]} 3. d4 {[%emt 0:00:48]} cxd4 {[%emt 0:00:08]} 4. Nxd4 {[%emt 0:00:05]} a6 {[%emt 0:00:45]} 5. c4 {[%emt 0:06:07]} Nf6 {[%emt 0:00:36]} 6. Nc3 {[%emt 0:00:12]} Bb4 {[%emt 0:00:42]} 7. Nc2 {[%emt 0:00:06]} Bxc3+ {[%emt 0:03:03]} 8. bxc3 {[%emt 0:00:35]} Qa5 {[%emt 0:02:14]} 9. Qd3 {[%emt 0:01:28]} Qe5 {[%emt 0:03:17]} 10. f3 {[%emt 0:05:56]} d5 {[%emt 0:00:40]} 11. Ba3 {[%emt 0:01:21]} dxe4 {[%emt 0:01:30]} 12. Qe3 {[%emt 0:00:48]} Nc6 {[%emt 0:02:00]} 13. f4 {[%emt 0:01:08]} Qa5 {[%emt 0:05:00]} 14. Be2 {[%emt 0:01:51]} e5 {[%emt 0:02:43]} 15. O-O {[%emt 0:01:07]} exf4 {[%emt 0:07:35]} 16. Rxf4 {[%emt 0:01:01]} Be6 {[%emt 0:00:21]} 17. Qg3 {[%emt 0:25:25]} O-O-O {[%emt 0:13:36]} 18. Qxg7 {[%emt 0:00:49]} Nh5 {[%emt 0:15:34]} 19. Bxh5 {[%emt 0:03:59]} Qxh5 {[%emt 0:00:08]} 20. Ne3 {[%emt 0:06:48]} Rhg8 {[%emt 0:05:40]} 21. Qf6 {[%emt 0:00:10]} Qe2 {[%emt 0:01:26]} 22. Bc1 {[%emt 0:01:07]} Rd1+ {[%emt 0:05:11]} 23. Rf1 {[%emt 0:01:53]} Rxc1 {[%emt 0:01:18]} 24. Raxc1 {[%emt 0:01:29]} Qxe3+ {[%emt 0:00:08]} 25. Kh1 {[%emt 0:00:08]} Bxc4 {[%emt 0:05:05]} 26. Rfe1 {[%emt 0:00:29]} Qd2 {[%emt 0:01:02]} 27. Qf5+ {[%emt 0:00:30]} Be6 {[%emt 0:00:30]} 28. Qxe4 {[%emt 0:00:20]} Rxg2 {[%emt 0:01:50]} 0-1